| 000 | 00433ntaaa2200169 4500 | ||
|---|---|---|---|
| 003 | 01 | ||
| 005 | 20251027202435.0 | ||
| 008 | 0714s1973 ag 01 | ||
| 040 |
_aAR-BaBN _bspa _cAR-BaBN _eaacr _dRIC |
||
| 082 | _a266.0000 C16 | ||
| 100 |
_aCanclini, Arnoldo _938 |
||
| 245 | _aMadagascar-el pais y las misiones | ||
| 250 |
_a1 ed. : _bs.l., _cn.f. |
||
| 650 | _aMisiones | ||
| 650 |
_aIglesia-Historia-Madagascar _923290 |
||
| 942 | _cBK | ||
| 999 |
_c19392 _d19392 |
||